parole in dialetto abruzzese - Statistics

General Stats
  • This quiz has been taken 42 times
  • The average score is 6 of 11
Answer Stats
Question Answer % Correct
a' precòc l'albicocca
94%
la màchna la macchina
88%
le lìv le olive
88%
nu mbapìt stupido
65%
a capambàlle a testa in giù
56%
BONUS: abbina il giusto modo di dire "uagliò" alla località Lanciano: wagliò. Napoli: uagliò. Montazzoli: uagliè.
56%
lu làcc sedano
35%
la marròcca pannocchia
32%
mbujete fermati
24%
la spara il cencio
15%
fa a ricuott provarci spudoratamente
15%
No matching quizzes found
Score Distribution
Percent of People with Each Score
Percentile by Number Answered
Your Score History
You have not taken this quiz